MIMO wireless communications / (Record no. 18855)

MARC details
000 -LEADER
fixed length control field 00898nam a22002778a 4500
001 - CONTROL NUMBER
control field 015516770
003 - CONTROL NUMBER IDENTIFIER
control field OSt
005 - DATE AND TIME OF LATEST TRANSACTION
control field 20150112134558.0
008 - FIXED-LENGTH DATA ELEMENTS--GENERAL INFORMATION
fixed length control field 100319r20102007xxkdk fr2b f001 0 eng d
020 ## - INTERNATIONAL STANDARD BOOK NUMBER
International Standard Book Number 9780521137096 (pbk.)
020 ## - INTERNATIONAL STANDARD BOOK NUMBER
International Standard Book Number 0521137098 (pbk.)
040 ## - CATALOGING SOURCE
Original cataloging agency StDuBDS
Language of cataloging eng
Transcribing agency StDuBDS
Modifying agency EG-ScBUE
082 00 - DEWEY DECIMAL CLASSIFICATION NUMBER
Classification number 621.384
Edition number 22
Item number MIM
245 00 - TITLE STATEMENT
Title MIMO wireless communications /
Statement of responsibility, etc Ezio Biglieri ... [et al.]
250 ## - EDITION STATEMENT
Edition statement 1st ed.,
Remainder of edition statement reprinted
260 ## - PUBLICATION, DISTRIBUTION, ETC. (IMPRINT)
Place of publication, distribution, etc Cambridge, United Kingdom ;
-- New York, United States :
Name of publisher, distributor, etc Cambridge University Press,
Date of publication, distribution, etc 2007
300 ## - PHYSICAL DESCRIPTION
Extent xvii, 323 p. :
Other physical details charts, forms ;
Dimensions 25 cm.
500 ## - GENERAL NOTE
General note Reprint of the 2007 ed.
500 ## - GENERAL NOTE
General note Index : p. 315-323.
504 ## - BIBLIOGRAPHY, ETC. NOTE
Bibliography, etc Bibliography : p. 289-314.
650 #0 - SUBJECT ADDED ENTRY--TOPICAL TERM
Topical term or geographic name as entry element MIMO systems
9 (RLIN) 23368
653 ## - INDEX TERM--UNCONTROLLED
Resource For college Engineering, Electrical
Arrived date list January2015
655 ## - INDEX TERM--GENRE/FORM
Form subdivision
-- 34232
700 1# - ADDED ENTRY--PERSONAL NAME
Personal name Biglieri, Ezio
9 (RLIN) 37106
942 ## - ADDED ENTRY ELEMENTS (KOHA)
Source of classification or shelving scheme Dewey Decimal Classification
Call number prefix 621.384 MIM
Holdings
Withdrawn status Item status Source of classification or shelving scheme Damaged status Not for loan Vendor Home library Current library Shelving location Date acquired Source of acquisition Cost, normal purchase price Serial Enumeration / chronology Total Checkouts Full call number Barcode Date last seen Cost, replacement price Koha item type
    Dewey Decimal Classification     Baccah Central Library Central Library First floor 12/01/2015   342.00 21291   621.384 MIM 000037277 15/07/2025 428.00 Book - Borrowing